000 00359 a2200169 4500
001 183627
020 _a85-322-0180-6
040 _cMagnum
100 _aIacocca, Liliana
240 1 0 _aEncontro à meia-noite
_lpor
245 1 0 _aEncontro à meia-noite
300 _a69
362 0 _a1997
440 1 _aFTD
697 _aLITERATURA JUVENIL
942 _cBK
999 _c183627
_d183627